| 000 | 00535nam a22001817a 4500 | ||
|---|---|---|---|
| 003 | PILC | ||
| 005 | 20151027141616.0 | ||
| 008 | 130924t xxu||||| |||| 00| 0 eng d | ||
| 020 | _a9780684194356 | ||
| 050 |
_aQL 31 _b.M73P75 1993 |
||
| 082 |
_aGS 599.74 _bP936 1993 |
||
| 100 |
_aPringle, Laurence P. _921480 |
||
| 245 |
_aJackal woman : _b exploring the world of jackals / _cPringle, Laurence P. |
||
| 260 |
_aNew York : _bMacmillan Publishing Company, _cc1993. |
||
| 300 |
_a42 p. _c23 cm. |
||
| 942 |
_2lcc _cBK |
||
| 999 |
_c12022 _d12022 |
||